000
00316nam a2200133Ia 4500
005
20251222155150.0
008
251222s9999||||xx |||||||||||||| ||spa||
082
_a
ETI.148.1-2
100
_a
Conferencia episcopal.
245
0
_a
PerĂº cultiva los valores
250
_a
1ra. ed.
264
_b
Epiconsa
942
_c
LIB
999
_c
39535
_d
39535